Tok Ku Paloh : suatu kajian khusus mengenai sumbangannya terhadap pengajian agama di Terengganu /
Saved in:
| Main Author: | |
|---|---|
| Format: | Thesis Book |
| Language: | Malay |
| Subjects: | |
| Tags: |
Add Tag
No Tags, Be the first to tag this record!
|
| LEADER | 01458cam a2200349 a 4500 | ||
|---|---|---|---|
| 001 | u763977 | ||
| 003 | SIRSI | ||
| 005 | 200901081350 | ||
| 008 | 090108s2008 my a t 000 0 may m | ||
| 040 | |a UMA |d UMM |e rda | ||
| 043 | |a a-my-tr | ||
| 090 | |a BP42 |b A2 UM 2008 Razy | ||
| 094 | |a BP42 |b A2 UM 2008 Razy | ||
| 100 | 0 | |a Razi Yaakob |e author. | |
| 245 | 1 | 0 | |a Tok Ku Paloh : |b suatu kajian khusus mengenai sumbangannya terhadap pengajian agama di Terengganu / |c Razi bin Yaakob. |
| 264 | 1 | |c 2008. | |
| 264 | 4 | |c 2008. | |
| 300 | |a ix, 207 leaves : |b illustrations ; |c 30 cm. | ||
| 336 | |a text |2 rdacontent | ||
| 337 | |a unmediated |2 rdamedia | ||
| 338 | |a volume |2 rdacarrier | ||
| 502 | |a Dissertation (M.Usuluddin ) -- Jabatan Sejarah dan Tamadun Islam, Akademi Pengajian Islam, Universiti Malaya, 2008. | ||
| 504 | |a Bibliography: leaves 76-79. | ||
| 600 | 0 | 0 | |a Tok Ku Paloh. |
| 650 | 0 | |a Islamic religious education |z Terengganu. | |
| 650 | 0 | |a Islamic education |z Terengganu. | |
| 710 | 2 | |a Universiti Malaya. |b Jabatan Sejarah dan Tamadun Islam. | |
| 900 | |a JAR | ||
| 596 | |a 1 12 18 | ||
| 999 | |a BP42 A2 UM 2008 RAZY |w LC |c 1 |i A512990731 |l RESERVES |m P18ISLPURI |r Y |s Y |t TESIS |u 22/11/2009 | ||
| 999 | |a BP42 A2 UM 2008 RAZY |w LC |c 1 |i A513163249 |d 13/3/2020 |e 13/3/2020 |f 23/11/2009 |g 1 |l STACKS |m P12ISLAMKL |n 1 |r Y |s Y |t TESIS |u 23/11/2009 | ||
| 999 | |a BP42 A2 UM 2008 RAZY |w LC |c 1 |i A513381258 |d 17/9/2014 |e 17/9/2014 |f 5/1/2011 |g 1 |l STACKS |m P01UTAMA |n 4 |r Y |s Y |t TESIS |u 5/1/2011 | ||
